Best Albums from Various Countries - Statistics

General Stats
  • This quiz has been taken 9 times
  • The average score is 11 of 30
Answer Stats
Country Artist Album % Correct
Ireland My Bloody Valentine Loveless
100%
United Kingdom Radiohead OK Computer
100%
United States The Velvet Underground & Nico The Velvet Underground & Nico
100%
France Daft Punk Discovery
78%
Canada Godspeed You! Black Emperor Lift Yr. Skinny Fists Like Antennas to Heaven!
78%
Jamaica Bob Marley & The Wailers Exodus
67%
Australia The Avalanches Since I Left You
67%
Germany Can Tago Mago
67%
Sweden Opeth Blackwater Park
44%
Nigeria Fela Ransome Kuti & Africa 70 Expensive Shit
44%
Japan Fishmans Long Season
44%
Italy Ennio Morricone The Good, the Bad and the Ugly
44%
Iceland Sigur Rós Ágætis byrjun
33%
Norway Burzum Filosofem
33%
Brazil Milton Nascimento & Lô Borges Clube da Esquina
22%
Spain Triana El patio
22%
Ethiopia Mahmoud Ahmed Mahmoud Ahmed
22%
Mexico Café Tacvba Revés / Yosoy
22%
Greece Aphrodite's Child 666
11%
South Korea Mid-Air Thief Crumbling
11%
Russia Evgeni Koroliov Die Kunst der Fuge
11%
Denmark Mercyful Fate Don't Break the Oath
11%
Argentina Invisible El jardín de los presentes
11%
New Zealand Ulcerate Everything Is Fire
11%
Switzerland Coroner Mental Vortex
11%
India Ravi Shankar Music of India: Three Classical Rāgas
11%
Finland Demilich Nespithe
11%
Romania Negură Bunget OM
11%
Poland Artur Rubinstein The Nocturnes
11%
Ukraine Nokturnal Mortum The Voice of Steel
11%
No matching quizzes found
Score Distribution
Percent of People with Each Score
Percentile by Number Answered
Your Score History
You have not taken this quiz